Professional regulation: the facts explained (Record no. 117245)

MARC details
000 -LEADER
fixed length control field 01494cam a2200277 4500
001 - CONTROL NUMBER
control field ABS67765
008 - FIXED-LENGTH DATA ELEMENTS--GENERAL INFORMATION
fixed length control field 040426n2004 000 0 eng u
035 ## - SYSTEM CONTROL NUMBER
System control number (Sirsi) u126000
100 ## - MAIN ENTRY--PERSONAL NAME
Personal name Gould, S.
245 ## - TITLE STATEMENT
Title Professional regulation: the facts explained
260 ## - PUBLICATION, DISTRIBUTION, ETC.
Date of publication, distribution, etc. 2004
490 ## - SERIES STATEMENT
Series statement RICS Business
Volume/sequential designation April 2004, 12-13(2)
520 ## - SUMMARY, ETC.
Summary, etc. Explains the framework of self-regulation practised by RICS in the context of developments in the regulatory environment of the professions, such as the recent review of the legal sector introduced by government. Describes what being a chartered body such as RICS means and reviews RICS efforts to make its rules, procedures and approach to compliance mirror government's understanding of best regulatory practice in the public interest. Outlines the benefits of self-regulation to RICS members and the areas of activity covered by regulation. Concludes that RICS is more than the sum of its members and that where members fall foul of the regulatory regime, RICS will always act in the public interest. View at www.rics.org/resources/business/.
590 ## - LOCAL NOTE (RLIN)
Local note ABS
590 ## - LOCAL NOTE (RLIN)
Local note ABS
590 ## - LOCAL NOTE (RLIN)
Local note ABS
650 ## - SUBJECT ADDED ENTRY--TOPICAL TERM
Topical term or geographic name entry element MEMBERS
650 ## - SUBJECT ADDED ENTRY--TOPICAL TERM
Topical term or geographic name entry element LEGAL SECTOR
650 ## - SUBJECT ADDED ENTRY--TOPICAL TERM
Topical term or geographic name entry element PUBLIC INTEREST
650 ## - SUBJECT ADDED ENTRY--TOPICAL TERM
Topical term or geographic name entry element SELF-REGULATION
650 ## - SUBJECT ADDED ENTRY--TOPICAL TERM
Topical term or geographic name entry element ROYAL CHARTERS
650 ## - SUBJECT ADDED ENTRY--TOPICAL TERM
Topical term or geographic name entry element RICS
690 ## - LOCAL SUBJECT ADDED ENTRY--TOPICAL TERM (OCLC, RLIN)
Topical term or geographic name as entry element PROFESSIONAL PRACTICE
856 ## - ELECTRONIC LOCATION AND ACCESS
Uniform Resource Identifier <a href="https://www.rics.org/RICSWEB/getpage.aspx?p=K5MzG8XCz0qhN3CIZANOvA">https://www.rics.org/RICSWEB/getpage.aspx?p=K5MzG8XCz0qhN3CIZANOvA</a>
Public note View the article on the RICS website...
942 ## - ADDED ENTRY ELEMENTS (KOHA)
Suppress in OPAC 0
Holdings
Withdrawn status Lost status Source of classification or shelving scheme Damaged status Not for loan Home library Current library Shelving location Date acquired Total Checkouts Full call number Barcode Date last seen Copy number Price effective from Koha item type
    Dewey Decimal Classification     London London Journal article 26/04/2004   ABS67764 126000-1001 06/08/2019 1 06/08/2019 Journal article
    Dewey Decimal Classification     Virtual Virtual Online 06/05/2004   ONLINE PUBLICATION 126000-2001 06/08/2019 1 06/08/2019 Journal article